000 00407nam a22001697a 4500
005 20160601112905.0
008 160601b xxu||||| |||| 00| 0 eng d
020 _a81-203-0709-7
041 _aeng
082 _b6711
100 _aGopal Krishnan, P
_91659
245 _aHand Book of Materials Management
260 _aNew Delhi
_bPHI,
_c2005
300 _a437
650 _aManagement
_9241
942 _cBK
999 _c2335
_d2334